[Event "87th ch-Paris IdF open FIDE"]
[Site "Paris"]
[Date "2012.07.10"]
[Round "4.16"]
[White "Carstensen, Jacob"]
[Black "Loiret, Stanislas"]
[Result "1/2-1/2"]
[WhiteElo "2352"]
[BlackElo "2231"]
[PlyCount "96"]
[EventDate "2012.07.07"]

1. d4 d5 2. c4 e6 3. Nf3 Nf6 4. g3 dxc4 5. Bg2 a6 6. O-O Nc6 7. a4 Rb8 8. a5
Be7 9. Qa4 O-O 10. Qxc4 Qd5 11. Qc2 Nxd4 12. Nxd4 Qxd4 13. Be3 Qd7 14. Bf4 Bd6
15. Rd1 Qe7 16. Be3 Ng4 17. Ba7 Ra8 18. Bd4 e5 19. Bc3 Qf6 20. Be1 Bf5 21. Qc1
e4 22. h3 Nh6 23. Nc3 Qe6 24. Kh2 Bg6 25. Nd5 Rac8 26. Nf4 Bxf4 27. Qxf4 Rfe8
28. Rac1 Qe7 29. Rd4 f6 30. Rcd1 Nf7 31. Rd7 Qe5 32. Qc1 Bf5 33. R7d5 Qe6 34.
Qf4 Bg6 35. h4 f5 36. Bh3 Nh6 37. Bc3 Qf7 38. Qg5 Qe7 39. Qf4 Red8 40. Re5 Qf7
41. Rxd8+ Rxd8 42. h5 Bxh5 43. Qg5 Rd7 44. Bxf5 Nxf5 45. Rxf5 Rd5 46. Rxd5
Qxf2+ 47. Kh1 Qf1+ 48. Kh2 Qf2+ 1/2-1/2